00722nam a2200145 a 450000100100000000500170001000800410002704000250006824501540009326001120024730000360035971000590039595201050045499900170055900004278120201002040407.0140210s2003 dr ad 000 0 spa d aDO-SdBNPbspacBNPHU00aVoz de la integración y el desarrollo de la Región Nordeste y el Cibao Central :bProyecto Ferrocarril Internacional Nordeste-Dominicana-Haití. aSan Francisco de Macoris, República Dominicana :bConsejo Nacional de Desarrollo Industrial (CRD),c2003. a68 p. :bil., gráf. ;c21 cm.2 aConsejo Nacional de Desarrollo Industrial (CRD)970123 0010718PDaPDbPDcCTd2014-02-10iLF1l0o p42781-10r2020-06-25w2020-06-25yLFPDZNo se presta c42270d42270